000
00269nam a2200097 a 4500
005
20200930080343.0
008
120409s1894 000 spa d
245
0
_a
Études historiques sur la présidence de Faustin Soulouque.
260
_a
Paris,
_c
1894.
999
_c
36902
_d
36902
040
_a
DO-SdBNP